Szczegóły MARC21

Transport poprzez granice : materiały pokonferencyjne II Międzynarodowego Kolokwium Transportowego /

005 -DATA I CZAS OSTATNIEJ MODYFIKACJI [,]
    • @
    • pole kontrolne
    • 20070315155141.9
040 -Instytucja sporządzająca opis [ , ]
    • a
    • Instytucja, która sporządziła opis (NP)
    • SZCZ U
    • c
    • Instytucja, która sporządziła rekord (NP)
    • SZCZ U
041 -Język dokumentu [0, ]
    • a
    • Język tekstu (P)
    • polski
    • h
    • Język tekstu oryginalnego i/lub pośredniego (P)
    • pol
942 -Rodzaj dokumentu [ , ]
    • c
    • Rodzaj dokumentu
    • Książka
245 -Strefa tytułu i oznaczenia odpowiedzialności [0, ]
    • a
    • Tytuł
    • Transport poprzez granice : Find
    • b
    • Ciąg dalszy tytułu (NP)
    • materiały pokonferencyjne II Międzynarodowego Kolokwium Transportowego / Find
    • c
    • Pozostałe elementy strefy tytułu i oznaczenia odpowiedzialności (NP)
    • [Uniwersytet Szczeciński. Wydział Transportu i Łączności, Europ.Inst.szkolenia Podyplomowego przy Techn.Uniw. w Dreźnie, Fund.na Rzecz US].
260 -Strefa adresu wydawniczego [ , ]
    • a
    • Miejsce wydania (P)
    • Szczecin :
    • b
    • Nazwa wydawcy (P)
    • Wydaw.Nauk.US,
    • c
    • Data wydania (P)
    • 1995.
300 -Strefa opisu fizycznego [ , ]
    • a
    • Określenie formy książki i/lub objętość (NP)
    • 128 s. :
    • b
    • Oznaczenie ilustracji (NP)
    • rys. :
    • c
    • Format (NP)
    • 24 cm.
080 -Uniwersalna Klasyfikacja Dziesiętna [ , ]
    • a
    • Symbol klasyfikacji
    • 656.1/.7(061.3)
080 -Uniwersalna Klasyfikacja Dziesiętna [ , ]
    • a
    • Symbol klasyfikacji
    • :339.5(061.3)
980 -Symbol UKD [ , ]
    • a
    • UKD
    • 656.1/.7:339.5](061.3)
Lokalizacja Data inwentaryzacji Numer inwentarzowy Status udost.
BE1997-03-25E.64248-2
BE1997-03-25S.800772
T2015-03-18TS.80076-3
T1997-03-25TS.80075-3